000 00463nam a2200157 i 4500
001 79774
003 ES-MaACL
005 20230906174041.0
007 t|
008 041025s1960 sp ||||1| spa d
100 1 _aHerrero Alvarado, Antonio.
_963292
245 1 0 _aVidas truncadas
_b: poesías /
_cAntonio Herrero Alvarado.
260 _a[Sevilla :
_bECESA],
_c1960.
300 _a35 p., 2 lám. :
_bretr. aut. ;
_c25 cm.
852 _aES-MaACL
_j2021-F-8
_bR.46542
999 _c79774
_d79774